000 03875nam a22004577a 4500
001 18202936
003 OSt
005 20241031120222.0
008 140616s2015 enk b 001 0 eng
010 _a 2014023324
020 _a9781118761007 (pbk.)
035 _a(DNLM)101634864
040 _aDNLM/DLC
_erda
_cDLC
041 _aeng
042 _apcc
050 0 0 _aRT51
060 1 0 _aW 18
080 _a616-08
_bN-45
082 0 0 _a610.73
_223
100 _9284
_aNestel, Debra
245 0 0 _aSimulated patient methodology :
_btheory, evidence, and practice /
_cedited by Debra Nestel, Margaret Bearman.
260 _aChichester, West Sussex ;
_bJohn Wiley & Sons Inc.,
_c2015.
263 _a1501
264 1 _aHoboken, NJ :
300 _a154 p.
_ccm.
336 _atext
_2rdacontent
337 _aunmediated
_2rdamedia
338 _avolume
_2rdacarrier
504 _aIncludes bibliographical references and index.
505 0 _aIntroduction to simulated patient methodology / Debra Nestel and Margaret Bearman -- Scope of contemporary simulated patient methodology / Debra Nestel, Tracy Morrison and Shane Pritchard -- The content and process of simulated patient-based learning activities -- Jill E. Thistlethwaite and George D. Ridgway -- Communities of practice and simulated patient methodology / Debra Nestel, Jan Joost Rethans and Gayle A. Gliva-McConvey -- Learning theories and simulated patient methodology / Debra Nestel and Margaret Bearman -- The dramatic arts and simulated patient methodology / Cathy M. Smith, Tanya L. Edlington, Richard Lawton and Debra Nestel -- Simulated interaction and authentic interaction? A place for conversation analysis? / Ged M. Murtagh -- Simulated patient methodology and the discourses of health professional education / Nancy L. McNaughton and Brian Hodges -- Preparation : developing scenarios and training for role portrayal / Debra Nestel, Carol Fleishman and Margaret Bearman -- Simulated patients as teachers : the role of feedback / Debra Nestel, Margaret Bearman and Carol Fleishman -- Teaching and learning physical examination skills with simulated patients / Anna K. Vnuk -- High stakes assessment / Cathy M. Smith, Carol C. O'Byrne and Debra Nestel -- Simulated patient program management / Tanya Tierney, Pam J. Harvey and Elaine E. Gill -- Real patient participation in simulation / Rosamund Snow -- Interprofessional community care : a simulated clinic for healthcare professional learners / Pamela J. Taylor, Mollie Burley and Debra Nestel -- Telephone incognito simulated patients / Jan Joost Rethans and Hay Derkx -- Hybrid simulated patient methodology : managing maternal deterioration / Simon Jr Cooper and Mary Anne Biro -- Clinical teaching associates / Karen M. Reynolds, Jim Parle and Shirin Irani -- Advanced nursing practice in aged care : developing communication and management skills in patients with Alzheimer's disease / Jennifer H. Fisher, Jane H. Kass-Wolff, Ernestine Kotthoff-Burrell and Jean M. Youngwerth -- Skills development in person-centred physiotherapy / Felicity C. Blackstock and Shane Pritchard -- Simulated family and healthcare professionals : consent for organ transplantation / Gayle A. Gliva-McConvey -- The future of simulated patient methodology / Margaret Bearman and Debra Nestel.
650 1 2 _aPatient Simulation.
650 2 2 _aEducation, Medical
_xmethods.
650 2 0 _aPatient Care
_9285
653 _aსიმულაციური პაციენტი
653 _aპაციენტის მოვლა
700 1 _aNestel, Debra,
_eeditor.
700 1 _aBearman, Margaret,
_eeditor.
776 0 8 _iOnline version:
_tSimulated patient methodology
_dChichester, West Sussex ; Hoboken, NJ : John Wiley & Sons Inc., 2015
_z9781118760802
_w(DLC) 2014025596
906 _a7
_bcbc
_corignew
_d1
_eecip
_f20
_gy-gencatlg
942 _2udc
_cBK
999 _c391
_d391